Filosofer fra moderne tid - Statistics

General Stats
  • This quiz has been taken 63 times
  • The average score is 7 of 22
Answer Stats
Hint Answer % Correct
Tysk filosof, kjent for transcendental idealisme (at vi oppfatter ting subjektivt og ikke tingen-i-seg-selv), også kjent for det kategoriske imperativ (sin formulering av en universell pliktetikk/deontologi) Immanuel Kant
81%
Den store franske filosofen som fremmet rasjonalisme (kunnskap må være basert på logikk) i opposisjon mot britisk empirisme, kjent for å ha sagt cogito ergo sum (jeg tenker, altså er jeg) René Descartes
69%
Tysk-jødisk materialist og politisk filosof som skrev Det kommunistiske manifestet Karl Marx
58%
En britisk empirist, også kjent for å være den politiske liberalismens far John Locke
46%
Dansk filosof kjent for eksistensialisme, at individer gir mening til sine egne liv Søren Kierkegaard
46%
Den store franske eksistensialisten etter WWII Jean-Paul Sartre
42%
Den store britiske empiristen på 1700-tallet, var enten deist eller ateist David Hume
38%
Tysk eksistensialist som sa at Gud er død Friedrich Nietzsche
38%
Fransk opplysningstidsfilosof som fremmet ytringsfrihet, var deist Voltaire
38%
Britisk filosof kjent for empirisme (kunnskap må være basert på erfaring), også kjent for å ha formulert den vitenskapelige metoden Francis Bacon
35%
Den store katolske filosofen i middelalderen (ikke moderne tid), var en aristoteliker Thomas Aquinas
31%
Den jødiske filosofen fra 1600-tallet som var rasjonalist og panteist (tro på at gud er ett med naturen og alt som finnes) Baruch Spinoza
23%
Britisk filosof kjent for sin formulering av lykkemaksimeringsprinsippet i konsekvensetikk (utilitarisme) Jeremy Bentham
23%
Britisk politisk filosof som støttet liberalisme og kvinners rettigheter på 1800-tallet John Stuart Mill
19%
Fransk filosof kjent for absurdisme, beslektet med eksistensialisme, men at mennesker antakeligvis ikke vil finne mening i livet Albert Camus
15%
Britisk filosof kjent for analytisk filosofi, som kun skal komplementere vitenskap Bertrand Russell
15%
Jødisk filosof og akademiker som skrev om totalitarisme og nazismens ondskap Hannah Arendt
15%
Fransk postmoderne (eller post-strukturalistisk) filosof kjent for kritisk analyse av trekk ved det moderne samfunnet Michel Foucault
15%
Feministisk filosof som skrev om konstruktivistisk kjønnsforståelse Simone de Beauvoir
15%
Den store jødiske filosofen i middelalderen (ikke moderne tid), var en aristoteliker Maimonides
8%
Den store muslimske filosofen i middelalderen (ikke moderne tid), var en aristoteliker Averroes
4%
Jødisk eksistensialist kjent for sin etikk knyttet til den Andre Emmanuel Levinas
0%
No matching quizzes found
Score Distribution
Percent of People with Each Score
Percentile by Number Answered
Your Score History
You have not taken this quiz